|
|
|
|
| LEADER |
00000cam a2200000 a 4500 |
| 001 |
vtls001419344 |
| 003 |
SK-MaSNL |
| 005 |
20260302001625.0 |
| 008 |
240226s1971 xo dal grfn 001 0 slo |
| 015 |
|
|
|a SNBA1971
|
| 020 |
|
|
|q (viazané)
|
| 035 |
|
|
|a SNK000374159
|
| 035 |
|
|
|a DAF90170-8B23-4F62-B896-9AA08EC4560B
|
| 035 |
|
|
|a urn:nbn:sk:snk-am00ihzm
|
| 040 |
|
|
|a SNK
|b slo
|c SNK
|e AACR2
|
| 041 |
1 |
|
|a slo
|h eng
|
| 044 |
|
|
|a xo
|c SK
|
| 072 |
|
7 |
|a 005
|x Manažment. Riadenie
|2 konspekt
|
| 072 |
|
7 |
|a 334
|x Formy organizácie a spolupráce v ekonomike
|2 konspekt
|
| 080 |
|
|
|a 005.52:330.133.1
|2 2001
|
| 080 |
|
|
|a 316.752
|2 2011
|
| 080 |
|
|
|a (035)
|2 2011
|
| 080 |
|
|
|a 334.72
|2 2011
|
| 100 |
1 |
|
|a Miles, Lawrence D.,
|d 1904-1985
|4 aut
|9 637831
|
| 240 |
1 |
0 |
|a Techniques of value analysis and engineering
|l Slovensky
|
| 245 |
1 |
0 |
|a Hodnotová analýza
|c Lawrence D. Miles ; [z anglického originálu Techniques of value analysis and engineering ... preložil V. Körmendy a J. Michalica]
|
| 250 |
|
|
|a 1. vyd.
|
| 260 |
|
|
|a Bratislava
|b Alfa
|c 1971
|
| 300 |
|
|
|a 282 strán
|b grafy, ilustrácie, schémy, tabuľky
|c 21 cm
|
| 366 |
|
|
|e 3000 kusov
|
| 490 |
1 |
|
|a Edícia ekonomickej literatúry
|
| 504 |
|
|
|a Obsahuje bibliografiu, bibliografické odkazy a register
|
| 650 |
0 |
7 |
|a hodnotová analýza
|2 SNKPH
|9 929
|
| 650 |
0 |
7 |
|a hodnotová orientácia
|2 SNKPH
|9 1021
|
| 650 |
0 |
7 |
|a podniky
|2 SNKPH
|9 923
|
| 655 |
|
7 |
|a príručky
|2 SNKPH
|9 74364
|
| 700 |
1 |
|
|a Körmendy, Viliam,
|d 1929-
|4 trl
|9 49205
|
| 700 |
1 |
|
|a Michalica, Jaroslav
|4 trl
|9 613031
|
| 830 |
|
0 |
|a Edícia ekonomickej literatúry
|9 276970
|
| 852 |
|
|
|a Slovenská národná knižnica
|
| 954 |
|
|
|a odborná, vedecká literatúra cudzojazyčná (svetová)
|2 lita
|
| 958 |
|
|
|a RK
|
| 958 |
|
|
|a TL
|
| 958 |
|
|
|a OND
|
| 958 |
|
|
|a OP
|
| 958 |
|
|
|a NB
|
| 958 |
|
|
|a EUIPO
|
| 999 |
|
|
|c 984608
|d 986538
|
| 952 |
|
|
|a SNK
|b SNK
|y PREZ
|7 0
|p 17A0939216
|o snkSC 27694
|i snkKSP 5399/71
|0 0
|1 0
|4 0
|d 2012-09-10
|f 1
|l 0
|r 2025-09-11 00:00:00
|w 2026-02-24
|
| 952 |
|
|
|t P60, <04>, [BOOK], {604}
|a SNK
|b SNK
|y VYP
|7 0
|p 17A0269968
|o snkSC 27694 D1
|0 0
|1 0
|4 0
|d 2001-08-28
|l 0
|r 2005-01-02 00:00:00
|w 2026-02-24
|